Λασκαρίνα Μπουμπουλίνα : μια διαδραστική εφαρμογή : διπλωματική εργασία [μεταπτυχιακή]
Αποθηκεύτηκε σε:
| Κύριος συγγραφέας: | |
|---|---|
| Συγγραφή απο Οργανισμό/Αρχή: | |
| Άλλοι συγγραφείς: | , |
| Μορφή: | Thesis Βιβλίο |
| Γλώσσα: | Greek |
| Δημοσίευση: |
2012
|
| Θέματα: | |
| Διαθέσιμο Online: | http://hdl.handle.net/11610/15969 |
| Ετικέτες: |
Προσθήκη ετικέτας
Δεν υπάρχουν, Καταχωρήστε ετικέτα πρώτοι!
|
MARC
| LEADER | 00000cam a2200000 i 4500 | ||
|---|---|---|---|
| 001 | 1/33984 | ||
| 008 | 130803s2012 gre d | ||
| 035 | |l 10115189 | ||
| 040 | |a GR-MY-UA |b gre |e aacr | ||
| 041 | 0 | |a gre | |
| 082 | 0 | |a 006 |2 (22) | |
| 100 | 1 | |a Καραδημητρίου, Μαρία Ήρα. | |
| 245 | 1 | 0 | |a Λασκαρίνα Μπουμπουλίνα : |b μια διαδραστική εφαρμογή : διπλωματική εργασία [μεταπτυχιακή] / |c Μαρία Ήρα Καραδημητρίου ; Δέσποινα Καταπότη (επιβλέπουσα), Ειρήνη Στάθη (συνεπιβλέπουσα) |
| 260 | |c 2012 | ||
| 300 | |a 155 σ.; |b εικ.; |c 30 εκ. | ||
| 500 | |a Βιβλιογραφία: σ. 100-104, παράρτημα | ||
| 502 | |a Διατριβή (μεταπτυχιακή) – Πανεπιστήμιο Αιγαίου, Λέσβος, 2012. | ||
| 650 | 0 | 0 | |a Interactive multimedia |x Authoring programs. |
| 650 | 0 | 0 | |a Interactive multimedia |x Design. |
| 650 | 0 | 0 | |a Biographical films. |
| 650 | 0 | 0 | |a Computer programming. |
| 650 | 0 | 0 | |a Dissertations, Academic |z Greece. |
| 700 | 1 | |a Καταπότη, Δέσποινα. |4 ths | |
| 700 | 1 | |a Στάθη, Ειρήνη. |4 ths | |
| 710 | 2 | |a Πανεπιστήμιο Αιγαίου. |b Σχολή Κοινωνικών Επιστημών. |b Τμήμα Πολιτισμικής Τεχνολογίας και Επικοινωνίας. |b Πρόγραμμα Μεταπτυχιακών Σπουδών Πολιτισμική Πληροφορική και Επικοινωνία. | |
| 852 | |a INST |b LESVOS |c DIATR |e 20130803 |h 477 |p 005100053298 |q 005100053298 |t MTXE |y 23 | ||
| 852 | |a INST |b LESVOS |c DIATR |e 20130803 |h 478 |p 005100053297 |q 005100053297 |t MTXE |y 23 | ||
| 856 | |u http://hdl.handle.net/11610/15969 | ||
| 901 | |a BIBL1-2013-2 | ||
| 909 | |a Λ |b 181803 | ||
| 909 | |a Λ |b 181804 | ||
| 924 | |a ΚΑΡΑΔΗΜΗΤΡΙΟΥ |b ΜΑΡΙΑ-ΗΡΑ |y ΛΕΣΒΟΣ |z 2012-12 | ||
| 970 | |a ΤΖΑΦΕΡΗ |b ΕΥΑΓΓΕΛΙΑ |z 2013/08/05 | ||